Devinez la Capitale Mystère #146 - Statistiques

Statistiques générales
  • Ce quiz a été pris 88 fois
  • Le résultat moyen est 31 sur 33
Statistiques - réponses
Type de Réponse Réponse % Correct
Lettre Bien Placée A
100%
Lettre Trouvée A
100%
Lettre de l'Alphabet B
100%
Lettre de l'Alphabet E
100%
Lettre Trouvée I
100%
Lettre de l'Alphabet L
100%
Lettre de l'Alphabet N
100%
Lettre Trouvée R
100%
Lettre de l'Alphabet O
99%
Lettre de l'Alphabet S
99%
Lettre de l'Alphabet U
99%
Lettre Bien Placée I
97%
Lettre de l'Alphabet K
97%
Lettre Bien Placée M
97%
Lettre Trouvée M
97%
Lettre de l'Alphabet P
97%
Lettre de l'Alphabet T
97%
Lettre de l'Alphabet C
96%
Lettre de l'Alphabet Y
96%
Lettre de l'Alphabet G
94%
Lettre Trouvée D
92%
Lettre de l'Alphabet H
92%
Lettre de l'Alphabet J
90%
Lettre de l'Alphabet W
90%
Lettre de l'Alphabet X
90%
Lettre de l'Alphabet Q
89%
Lettre de l'Alphabet V
89%
Lettre de l'Alphabet F
88%
Lettre de l'Alphabet Z
88%
Lettre Bien Placée D
86%
Lettre Bien Placée D
86%
Capitale Mystère Madrid
86%
Lettre Bien Placée R
86%
Aucun quiz correspondant
Distribution des résultats
% des personnes avec chaque résultat
Percentile par nombre de réponses
Votre historique - résultats
Vous n’avez pas pris ce quiz